Wortgemisch - Länder Ozeaniens - Statistiken

Allgemein
  • Dieses Quiz wurde 75 mal gespielt
  • Das Durchschnittsergebnis liegt bei 9 aus 10
Antwortstatistiken
Land % Korrekt
Nauru
100%
Palau
100%
Samoa
100%
Vanuatu
100%
Fidschi
98%
Kiribati
98%
Tonga
98%
Tuvalu
98%
Papua-Neuguinea
96%
Marshallinseln
93%
Mikronesien
89%
Salomonen
89%
Neuseeland
87%
Australien
73%
Keine übereinstimmenden Quizze gefunden
Verteilung der Resultate
Anzahl Personen mit jedem Resultat
Perzentil nach korrekt beantworteten Fragen
Ihre Resultats-Entwicklung
Sie haben dieses Quiz noch nicht gespielt